| 000 | 01230nam a2200265 i 4500 | ||
|---|---|---|---|
| 001 | 33440 | ||
| 003 | ES-MaACL | ||
| 005 | 20230906154746.0 | ||
| 007 | t| | ||
| 008 | 030202m19701979sp ||||1| spa d | ||
| 080 | _a222.1.04=922.1 | ||
| 130 | 0 |
_aBiblia. _pA.T. _lPolíglota. _9119272 |
|
| 245 | 1 | 0 |
_aNeophyti l : _bTargum Palestinense, ms. de la Biblioteca Vaticana / _cedición príncipe, introducción y versión castellana Alejandro Diez Macho ; traducciones francesa: R. Le Déaut, inglesa: Martin MacNamara y Michael Maher. |
| 260 |
_aMadrid : _bSeminario Filológico "Cardenal Cisneros" del Instituto "Arias Montano", _c1970-1979. |
||
| 300 |
_a4 v. ; _c28 cm. |
||
| 505 | 8 | _aContiene: 2. Éxodo... lugares paralelos a la Haggadá del Génesis de Pseudojonatán y Neophyti l / Etan B. Levine -- 3. Levítico... el Memra de Yahew en el Ms Neophyti l / Domingo Muñoz -- 5. Deuteronomio -- 6. Apéndices | |
| 700 | 1 |
_aDíez Macho, Alejandro. _944745 |
|
| 700 | 1 |
_aLe Déaut, R. _970867 |
|
| 700 | 1 |
_aMcNamara, Martin. _979607 |
|
| 700 | 1 |
_aMaher, Michael. _975530 |
|
| 700 | 1 |
_aLevine, Etan B. _971975 |
|
| 700 | 1 |
_aMuñoz, Domingo. _984301 |
|
| 710 | 2 |
_aInstituto "Arias Montano" _94797 |
|
| 852 |
_aES-MaACL _jP-1482 |
||
| 999 |
_c33440 _d33440 |
||